浙江省城市 - Statistics

General Stats
  • This quiz has been taken 36 times
  • The average score is 10 of 11
Answers on the Grid
Answers color-coded by a green-red scale on the quiz's grid according to % correct below.
杭州
宁波
温州
嘉兴
湖州
绍兴
金华
衢州
舟山
台州
丽水
龙岩
宁德
泉州
营口
泰州
滨州
烟台
聊城
泰安
阳泉
阜新
 
Answer Stats
Answer % Correct
杭州
100%
温州
100%
绍兴
100%
嘉兴
95%
湖州
95%
台州
95%
宁波
90%
金华
90%
衢州
90%
舟山
90%
丽水
90%
No matching quizzes found
Score Distribution
Percent of People with Each Score
Percentile by Number Answered
Your Score History
You have not taken this quiz